000 00317nam a2200109Ia 4500
008 200302s9999 xx 000 0 und d
100 _aJonathan Barnett
245 _aCity Design Modernist,Traditional, green and systems perspectives 2nd ed.,
260 _bRoutledge publishing Co.
260 _c2016
300 _a269 P.,
999 _c5378
_d5378